[Event "SVK-chT2A 1920"]
[Site "Slovakia"]
[Date "2019.10.27"]
[Round "2.7"]
[White "Bochnickova, Simona"]
[Black "Valla, Tomas"]
[Result "0-1"]
[WhiteElo "1543"]
[BlackElo "1869"]
[PlyCount "120"]
[EventDate "2019.10.26"]
[EventType "team-tourn"]
[EventRounds "11"]
[EventCountry "SVK"]
[SourceTitle "CBM 193 Extra"]
[Source "ChessBase"]
[SourceDate "2020.01.31"]
[SourceVersion "1"]
[SourceVersionDate "2020.01.31"]
[SourceQuality "1"]
[WhiteTeam "Modra II"]
[BlackTeam "Gbely Nafta"]
[WhiteTeamCountry "SVK"]
[BlackTeamCountry "SVK"]

1. e4 c5 2. Nf3 g6 3. d4 cxd4 4. Nxd4 Bg7 5. Nc3 Nc6 6. Be3 Nf6 7. Bc4 0-0 8. h3 d6 9. Qd2 Bd7 10. 0-0 Rc8 11. Bb3 Na5 12. Rad1 Nc4 13. Bxc4 Rxc4 14. Qd3 Rc8 15. Rfe1 a6 16. a3 Qc7 17. Qd2 Rfd8 18. Bh6 Bh8 19. Nf5 Bxf5 20. exf5 Qd7 21. fxg6 hxg6 22. Qe2 e6 23. Bg5 Rc5 24. Ne4 Rxg5 25. Nxg5 d5 26. c3 Qc7 27. Qc2 Rd6 28. Re2 Qe7 29. Rde1 Bg7 30. Qa4 Nh5 31. Nf3 Nf6 32. Qh4 Qc7 33. Ng5 Nh5 34. Qg4 Nf6 35. Qf3 Qe7 36. Qf4 Nh5 37. Qg4 Nf6 38. Qb4 Qc7 39. Rd1 Rc6 40. Nf3 Rc4 41. Qb3 Rc5 42. Rd4 a5 43. Rh4 Ne4 44. Nd2 Nd6 45. Qc2 Nf5 46. Ra4 b5 47. Rg4 d4 48. Ne4 Rc6 49. b4 axb4 50. axb4 dxc3 51. Re1 Rc4 52. Rc1 Qe5 53. Nc5 Nd4 54. Qa2 Ne2+ 55. Kf1 Nxc1 56. Qa8+ Kh7 57. Qf3 Rxg4 58. hxg4 f5 59. gxf5 exf5 60. Qh3+ Bh6 0-1

[Event "SVK-chT4A21 1415"]
[Site "Slovakia"]
[Date "2014.11.09"]
[Round "3.3"]
[White "Valla, Tomas"]
[Black "Pericka, Pavol"]
[Result "0-1"]
[WhiteElo "1822"]
[BlackElo "1789"]
[PlyCount "72"]
[EventDate "2014.10.12"]
[EventType "team-tourn"]
[EventRounds "11"]
[EventCountry "SVK"]
[SourceTitle "EXT 2022"]
[Source "ChessBase"]
[SourceDate "2021.10.06"]
[SourceVersion "1"]
[SourceVersionDate "2021.10.06"]
[SourceQuality "1"]
[WhiteTeam "Gbely Nafta II"]
[BlackTeam "Brezova"]
[WhiteTeamCountry "SVK"]
[BlackTeamCountry "SVK"]

1. e4 e5 2. Bc4 Nc6 3. Nf3 Bc5 4. c3 Nf6 5. d3 h6 6. Bb3 d6 7. Nbd2 Bg4 8. Nf1 Qd7 9. h3 Bh5 10. Ng3 Bg6 11. Nh4 Ne7 12. Qf3 0-0-0 13. Be3 Bxe3 14. Nxg6 Bxf2+ 15. Qxf2 fxg6 16. Qxa7 Nc6 17. Qa8+ Nb8 18. Ba4 c6 19. 0-0-0 Qc7 20. Bb3 Qb6 21. d4 Kc7 22. Qa4 d5 23. Rhe1 Nbd7 24. Re2 exd4 25. cxd4 Ra8 26. e5 Rxa4 27. Bxa4 Qa6 28. Bb3 Ne4 29. Re3 Nxg3 30. Rxg3 g5 31. Rc3 Kd8 32. Bc2 Rf8 33. Ra3 Qe2 34. Rd2 Qf1+ 35. Bd1 Nb6 36. Rb3 Kc7 0-1

[Event "SVK-chT3A2 1415"]
[Site "Slovakia"]
[Date "2014.11.02"]
[Round "2.2"]
[White "Bango, Dominik"]
[Black "Valla, Tomas"]
[Result "1/2-1/2"]
[WhiteElo "1557"]
[BlackElo "1822"]
[PlyCount "56"]
[EventDate "2014.10.19"]
[EventType "team-tourn"]
[EventRounds "11"]
[EventCountry "SVK"]
[SourceTitle "EXT 2019"]
[Source "ChessBase"]
[SourceDate "2018.10.10"]
[SourceVersion "1"]
[SourceVersionDate "2018.10.10"]
[SourceQuality "1"]

1. e4 c5 2. Nf3 g6 3. d4 cxd4 4. Nxd4 Bg7 5. Nc3 Nc6 6. Be3 Nf6 7. Be2 0-0 8. 0-0 d5 9. exd5 Nxd5 10. Nxd5 Qxd5 11. Bf3 Qd7 12. Nxc6 bxc6 13. Qxd7 Bxd7 14. Rad1 Be6 15. b3 Rfc8 16. Bc5 Bf6 17. c4 Kf8 18. Bd4 Bg5 19. g3 Bf5 20. Bg2 Bg4 21. f3 Bf5 22. h4 Bh6 23. Bc5 Bg7 24. Rfe1 Be6 25. Rd3 Rc7 26. Red1 Ke8 27. Bd4 Bxd4+ 28. Rxd4 Rb8 1/2-1/2

[Event "SVK-chT3A2 1213"]
[Site "Slovakia"]
[Date "2013.03.24"]
[Round "11.4"]
[White "Valla, Tomas"]
[Black "Lezovic, Maros"]
[Result "0-1"]
[WhiteElo "1813"]
[BlackElo "1762"]
[PlyCount "68"]
[EventDate "2012.10.07"]
[EventType "team-tourn"]
[EventRounds "11"]
[EventCountry "SVK"]
[SourceTitle "EXT 2015"]
[Source "ChessBase"]
[SourceDate "2014.11.20"]
[SourceVersion "1"]
[SourceVersionDate "2014.11.20"]
[SourceQuality "1"]
[WhiteTeam "Gbely Nafta"]
[BlackTeam "Trnava Modranka"]
[WhiteTeamCountry "SVK"]
[BlackTeamCountry "SVK"]

1. e4 e5 2. Nc3 Bc5 3. Na4 Be7 4. Nf3 d6 5. Bc4 Nf6 6. Nc3 Be6 7. Qe2 c6 8. 0-0 0-0 9. d4 Bxc4 10. Qxc4 b5 11. Qb3 a5 12. a4 b4 13. dxe5 dxe5 14. Ne2 Nbd7 15. Rd1 Qc7 16. Ng3 c5 17. c4 bxc3 18. Qxc3 c4 19. Bg5 Bb4 20. Qc2 h6 21. Bd2 Rab8 22. Rac1 Rfc8 23. Bc3 Bxc3 24. Qxc3 Rb3 25. Qc2 Qb6 26. Rb1 Qb4 27. Nd2 Rd3 28. Rbc1 Nb6 29. b3 Rd4 30. Nf5 cxb3 31. Qb2 Rxc1 32. Qxc1 b2 33. Qb1 Rxd2 34. Re1 Nxa4 0-1

[Event "SVK-chT3A2 1213"]
[Site "Slovakia"]
[Date "2013.01.27"]
[Round "7.6"]
[White "Valla, Tomas"]
[Black "Bukovsky, Milan"]
[Result "1-0"]
[WhiteElo "1813"]
[BlackElo "1956"]
[PlyCount "101"]
[EventDate "2012.10.07"]
[EventType "team-tourn"]
[EventRounds "11"]
[EventCountry "SVK"]
[SourceTitle "EXT 2015"]
[Source "ChessBase"]
[SourceDate "2014.11.20"]
[SourceVersion "1"]
[SourceVersionDate "2014.11.20"]
[SourceQuality "1"]
[WhiteTeam "Gbely Nafta"]
[BlackTeam "Trnava Lokomotiva Solartec III"]
[WhiteTeamCountry "SVK"]
[BlackTeamCountry "SVK"]

1. e4 e5 2. Nc3 Nf6 3. f4 d5 4. fxe5 Nxe4 5. Nf3 Nc6 6. d4 Be7 7. Bd3 Nxc3 8. bxc3 Bg4 9. 0-0 Qd7 10. Qe1 0-0-0 11. Ng5 Bxg5 12. Bxg5 Rdf8 13. h3 Be6 14. a4 Ne7 15. Rf3 h6 16. Bc1 f5 17. exf6 Rxf6 18. Rxf6 gxf6 19. Kh2 Bf5 20. Qf2 h5 21. Ba3 Bxd3 22. cxd3 Qf5 23. Qxf5+ Nxf5 24. Rf1 Ne3 25. Rxf6 Nd1 26. c4 dxc4 27. dxc4 Ne3 28. c5 Nd5 29. Rf5 c6 30. a5 Rh7 31. Bc1 Kd7 32. g3 Ke6 33. Re5+ Kd7 34. Kg2 Nb4 35. Bd2 Nd5 36. Bf4 h4 37. Bg5 hxg3 38. Kxg3 Rf7 39. h4 Nc7 40. h5 Ne6 41. Be3 Nf8 42. Kg4 Nh7 43. h6 Rf1 44. Bg5 Rf7 45. Kh5 Nf8 46. Bh4 Kc8 47. Re8+ Kd7 48. Rxf8 Rxf8 49. h7 Ke8 50. Kg6 a6 51. Bf6 1-0

[Event "SVK-chT3A2 1213"]
[Site "Slovakia"]
[Date "2012.11.18"]
[Round "4.2"]
[White "Valla, Tomas"]
[Black "Liptak, Dusan"]
[Result "0-1"]
[WhiteElo "1813"]
[BlackElo "2060"]
[PlyCount "83"]
[EventDate "2012.10.07"]
[EventType "team-tourn"]
[EventRounds "11"]
[EventCountry "SVK"]
[SourceTitle "EXT 2015"]
[Source "ChessBase"]
[SourceDate "2014.11.20"]
[SourceVersion "1"]
[SourceVersionDate "2014.11.20"]
[SourceQuality "1"]
[WhiteTeam "Gbely Nafta"]
[BlackTeam "Cifer"]
[WhiteTeamCountry "SVK"]
[BlackTeamCountry "SVK"]

1. e4 d6 2. d4 Nd7 3. Bd3 e5 4. c3 Ngf6 5. Be3 Be7 6. h3 c5 7. Nf3 0-0 8. Nbd2 Re8 9. 0-0 Bf8 10. Re1 cxd4 11. cxd4 exd4 12. Bxd4 Nc5 13. Bc2 b5 14. b4 Ne6 15. Be3 Bb7 16. Nd4 Nxd4 17. Bxd4 Nd7 18. Qg4 Ne5 19. Qg3 Nc6 20. Bc3 d5 21. exd5 Rxe1+ 22. Rxe1 Nxb4 23. Bxb4 Bxb4 24. Qd3 g6 25. Bb3 a6 26. Rd1 Qb6 27. Ne4 Rd8 28. Qf3 f5 29. Ng5 Qd6 30. Ne6 Rd7 31. Qe3 Rf7 32. Qg5 Ba5 33. Qe3 f4 34. Qe4 Bb6 35. Ng5 Rf5 36. Qe8+ Rf8 37. Qe4 h6 38. Ne6 Rf6 39. Qd3 Kh7 40. Bc2 f3 41. g3 Qxg3+ 42. Kf1 0-1

[Event "SVK-chT3A2 1213"]
[Site "Slovakia"]
[Date "2012.11.04"]
[Round "3.5"]
[White "Valla, Tomas"]
[Black "Slaby, Jozef"]
[Result "0-1"]
[WhiteElo "1813"]
[BlackElo "1890"]
[PlyCount "50"]
[EventDate "2012.10.07"]
[EventType "team-tourn"]
[EventRounds "11"]
[EventCountry "SVK"]
[SourceTitle "EXT 2015"]
[Source "ChessBase"]
[SourceDate "2014.11.20"]
[SourceVersion "1"]
[SourceVersionDate "2014.11.20"]
[SourceQuality "1"]
[WhiteTeam "Gbely Nafta"]
[BlackTeam "Piestany Kupele II"]
[WhiteTeamCountry "SVK"]
[BlackTeamCountry "SVK"]

1. e4 c6 2. d4 d5 3. f3 e6 4. Nc3 Nf6 5. Bg5 Be7 6. Qd3 a6 7. a3 h6 8. Bh4 Nfd7 9. Bxe7 Qxe7 10. Nge2 Nf6 11. Na4 Nbd7 12. b4 dxe4 13. fxe4 0-0 14. h3 b5 15. Nc5 Nxc5 16. bxc5 e5 17. Ng3 exd4 18. Qxd4 Re8 19. Bd3 Qe5 20. c3 Qxg3+ 21. Kf1 Be6 22. Qd6 Qxd6 23. cxd6 Bc4 24. Bxc4 bxc4 25. Rd1 Rad8 0-1

[Event "SVK-chT3A2 1213"]
[Site "Slovakia"]
[Date "2012.10.07"]
[Round "1.4"]
[White "Valla, Tomas"]
[Black "Babirat, Michal"]
[Result "1/2-1/2"]
[WhiteElo "1813"]
[BlackElo "1760"]
[PlyCount "79"]
[EventDate "2012.10.07"]
[EventType "team-tourn"]
[EventRounds "11"]
[EventCountry "SVK"]
[SourceTitle "EXT 2015"]
[Source "ChessBase"]
[SourceDate "2014.11.20"]
[SourceVersion "1"]
[SourceVersionDate "2014.11.20"]
[SourceQuality "1"]
[WhiteTeam "Gbely Nafta"]
[BlackTeam "Trnava Lokomotiva Solartec IV"]
[WhiteTeamCountry "SVK"]
[BlackTeamCountry "SVK"]

1. e4 c5 2. c3 d5 3. exd5 Qxd5 4. d4 cxd4 5. cxd4 Nc6 6. Nf3 Bg4 7. Be2 e6 8. Nc3 Qd7 9. Be3 Nf6 10. a3 Be7 11. 0-0 0-0 12. h3 Bf5 13. Nh4 Bg6 14. Nxg6 hxg6 15. Bf3 Rac8 16. Qa4 a6 17. Rfd1 Nd5 18. Nxd5 exd5 19. Bg4 f5 20. Bf3 Rfd8 21. Rac1 Na7 22. Qb3 b5 23. Rxc8 Nxc8 24. Qa2 Nb6 25. b3 Qd6 26. a4 bxa4 27. bxa4 Kf7 28. Be2 Qb4 29. Rb1 Qxa4 30. Qxa4 Nxa4 31. Bxa6 Nc3 32. Rb7 Ne4 33. f3 Nf6 34. Bf4 Rd7 35. Rb6 Bd8 36. Rb8 Bc7 37. Bxc7 Rxc7 38. Rb7 Rxb7 39. Bxb7 f4 40. Kf2 1/2-1/2

[Event "SVK-chT3A2 1011"]
[Site "Slovakia"]
[Date "2011.02.27"]
[Round "9.4"]
[White "Krist, Milan"]
[Black "Valla, Tomas"]
[Result "1/2-1/2"]
[WhiteElo "2004"]
[BlackElo "1790"]
[PlyCount "95"]
[EventDate "2010.10.17"]
[EventType "team-tourn"]
[EventRounds "11"]
[EventCountry "SVK"]
[SourceTitle "EXT 2019"]
[Source "ChessBase"]
[SourceDate "2018.10.10"]
[SourceVersion "1"]
[SourceVersionDate "2018.10.10"]
[SourceQuality "1"]
[WhiteTeam "Trnava Lokomotiva III"]
[BlackTeam "Gbely Nafta"]
[WhiteTeamCountry "SVK"]
[BlackTeamCountry "SVK"]

1. d4 Nf6 2. Nf3 c5 3. d5 e6 4. c4 exd5 5. cxd5 d6 6. Nc3 a6 7. a4 Qe7 8. g3 g6 9. Bg2 Bg7 10. 0-0 0-0 11. Re1 Re8 12. Bg5 h6 13. Bd2 Ng4 14. e3 Nd7 15. a5 Nge5 16. Qc2 Nxf3+ 17. Bxf3 Ne5 18. Bg2 Bg4 19. b3 Nf3+ 20. Bxf3 Bxf3 21. Ra4 Qd7 22. Rf4 Bg4 23. f3 Bh3 24. Ne4 Bf5 25. g4 Bxe4 26. Rxe4 Re5 27. Rxe5 Bxe5 28. Kg2 Re8 29. e4 Kh7 30. Qc1 Bg7 31. Bf4 g5 32. Bd2 Rb8 33. Qc2 Kg8 34. Bc3 b5 35. axb6 Rxb6 36. Bxg7 Kxg7 37. Qc3+ f6 38. Ra1 Qb7 39. Ra3 Kg6 40. Qd3 Kf7 41. Kg3 a5 42. Qc3 Rb4 43. Rxa5 Rxb3 44. Qa1 Qe7 45. Ra7 Rb7 46. Ra8 Kg7 47. Kh3 Rc7 48. Qa4 1/2-1/2